000 01391nam a22003137a 4500
003 OSt
005 20220411122627.0
007 ta
008 210323b2019 dr ||||| |||| 00| 0 spa d
020 _a9789945613339
040 _aDO-SdBNP
_bspa
_cBNPHU
082 4 _a327.720307294
_bV335d
_222
100 1 _aVásquez Frías, Pastor.
_978236
_d1967-
245 1 0 _aDiplomacia dominicana con Haití a principios del siglo XX :
_blegación dominicana en Puerto Principe (1900 -1905) /
_cPastor Vásquez Frías.
260 _aSanto Domingo :
_bArchivo General de la Nación,
_c2019
300 _a2 v. ;
_c27 cm.
490 _a Archivo General de la Nación,
_v368-369
500 _aIncluye referencias bibliográficas y notas al pie de las páginas
500 _aIncluye índice onomástico
505 _gv.1.
_t Legación dominicana en Puerto Príncipe (1900-1905) --
_gv.2
_tEl presidente Cáceres y los gobiernos haitianos (1906-1911)
590 _aInventariado, 2021 / DG
651 4 _aRepública Dominicana
_xRelaciones exteriores
_zHaití
_92233
651 4 _aHaití
_xRelaciones exteriores
_zRepública Dominicana
_92234
651 4 _aRepública Dominicana
_xHistoria
_ySiglo XX
_99490
651 4 _aHaití
_xHistoria
_ySiglo XX
_978243
830 0 _a Archivo General de la Nación
_n368-369
_978413
910 _aInventariado, 2021/DG/Validado. Control de calidad MFF
942 _2ddc
_cLBS1
999 _c49663
_d49663